Countries by Military aircraft insignia #2 - Statistics

General Stats
  • This quiz has been taken 55 times
  • The average score is 7 of 10
Answer Stats
Picture Answer % Correct
Australia
100%
South Korea
98%
North Korea
85%
Czech Republic
80%
France
80%
United Kingdom
80%
Estonia
68%
Netherlands
53%
Kazakhstan
50%
Mexico
23%
No matching quizzes found
Score Distribution
Percent of People with Each Score
Percentile by Number Answered
Your Score History
You have not taken this quiz